Paris Airports Destinations - Statistics

General Stats
  • This quiz has been taken 143 times
  • The average score is 183 of 308
Answer Stats
Airlines Destination % Correct
CDG Air France | KLM Amsterdam
96%
CDG Brussels Airlines Brussels
95%
CDG Air France | easyJet | Vueling Barcelona
93%
CDG Air China | Air France Beijing-Capital
93%
CDG Air France | easyJet Lisbon
93%
CDG Air France | easyJet | Iberia Express | Vueling Madrid
93%
CDG easyJet | Vueling London-Gatwick
92%
CDG Air France | British Airways London-Heathrow
92%
CDG easyJet London-Luton
92%
CDG Air France | Alitalia | easyJet Milan-Linate
92%
CDG Air France | easyJet Milan-Malpensa
92%
CDG Air France | American Airlines | Delta Air Lines New York-JFK
92%
CDG Air France | Alitalia | Vueling Rome-Fiumicino
92%
CDG Air Algérie | Air France | ASL Airlines France | Tassili Airlines Algiers
91%
CDG Air France | Norwegian | SAS Oslo
91%
CDG Air France | easyJet | Vueling Porto
91%
CDG Air France | Delta Air Lines Boston
90%
CDG Air France | easyJet Nice
90%
CDG Aegean Airlines | Air France | Sky Express Athens
89%
CDG Air France | Thai Airways Bangkok-Suvarnabhumi
89%
CDG Air France | easyJet Berlin
89%
CDG Air France | EgyptAir Cairo
89%
CDG Aer Lingus | Air France Dublin
89%
CDG Air France | Cathay Pacific Hong Kong
89%
CDG Air France | Lufthansa Münich
89%
CDG Etihad Airways Abu Dhabi
88%
CDG Air France | Emirates Dubai
88%
CDG Air France | Turkish Airlines Istanbul
88%
CDG AnadoluJet Istanbul-Sabiha Gökçen
88%
CDG Air France Lyon
88%
CDG Air France | Norwegian | SAS Stockholm-Arlanda
88%
CDG Air France | LOT Warsaw-Chopin
88%
CDG Air France | Royal Jordanian Amman-Queen Alia
87%
CDG Air France | Delta Air Lines Atlanta
87%
CDG Air Europa | Air France | easyJet Málaga
87%
CDG Air France | United Airlines San Francisco
87%
CDG Air France | All Nippon Airways | Japan Airlines Tokyo-Haneda
87%
CDG Air France Tokyo-Narita
87%
CDG Air France Tunis
87%
CDG Air France | easyJet | Norwegian | SAS | Vueling Copenhagen
86%
CDG Air France¹ | American Airlines Dallas/Fort Worth
86%
CDG Air France | Finnair Helsinki
86%
CDG Air France | Air Tahiti Nui | Delta Air Lines Los Angeles
86%
CDG Aeroméxico | Air France Mexico City
86%
CDG Air France | Austrian Airlines Vienna
86%
CDG Air France | Swiss Zürich
86%
CDG Air France | American Airlines | United Airlines Chicago-O'Hare
85%
CDG Air France | Air India Delhi
85%
CDG Air France | Lufthansa Frankfurt
85%
Marseille
85%
CDG Air France | easyJet | Vueling Venice
85%
CDG Air France | Royal Air Maroc Casablanca
84%
CDG Air France | easyJet Edinburgh
84%
CDG easyJet Glasgow
84%
Moscow-Domodedovo
84%
CDG Aeroflot | Air France Moscow-Sheremetyevo
84%
CDG Ethiopian Airlines Addis Ababa
82%
CDG Air France Bordeaux
82%
CDG Air France | Animawings¹ | Blue Air | TAROM Bucharest
82%
CDG Air France | easyJet Budapest
82%
CDG Air France¹ Palermo
82%
CDG Delta Air Lines Seattle/Tacoma
82%
CDG Air China | Air France | China Eastern Airlines Shanghai-Pudong
82%
CDG Qatar Airways Doha
81%
CDG Air France | easyJet Manchester
81%
CDG Air Canada | Air France | Air Transat Montréal-Trudeau
81%
CDG Air France Rabat
81%
CDG airBaltic Riga
81%
CDG Cabo Verde Airlines Sal
81%
CDG Air France | LATAM Brasil São Paulo-Guarulhos
81%
CDG Air France | MEA Middle East Airlines Beirut
80%
CDG Air France Geneva
80%
CDG Air France Houston-Intercontinental
80%
CDG Air France Johannesburg-O.R. Tambo
80%
CDG Air France | easyJet Marrakesh
80%
CDG Air France Naples
80%
CDG Air France | Asiana Airlines | Korean Air Seoul-Incheon
80%
CDG Air France | Arkia¹ | ASL Airlines France | easyJet | El Al Tel Aviv
80%
CDG Air Canada | Air France | Air Transat Toronto-Pearson
80%
CDG Air France | United Airlines Washington-Dulles
80%
CDG Air France Cape Town
79%
CDG Air France | Eurowings Hamburg
79%
CDG Air France | easyJet | Vueling Palma de Mallorca
79%
CDG Air France | Czech Airlines | Vueling Prague
79%
CDG Air France | Rossiya Saint Petersburg
79%
CDG airBaltic Vilnius
79%
CDG Air France | Croatia Airlines Zagreb
79%
CDG Pegasus | SunExpress Ankara
78%
CDG Air France | Ukraine International Airlines Kiev-Boryspil
78%
CDG Air France | easyJet Kraków
78%
CDG Air France Rio de Janeiro-Galeão
78%
CDG Air France | Vueling Seville
78%
CDG AZAL Azerbaijan Airlines Baku
77%
CDG Air France | Air Senegal Dakar-Diass
77%
CDG Air France¹ Denver
77%
CDG Air France | Eurowings Düsseldorf
77%
CDG Air France Florence
77%
CDG Air France Mumbai
77%
CDG Air France Osaka-Kansai
77%
CDG Saudia Riyadh
77%
CDG Air France | Blue Air Turin
77%
CDG Air Europa | Air France Valencia
77%
CDG Kuwait Airways Kuwait City
76%
CDG Icelandair | PLAY Reykjavík-Keflavík
76%
CDG Air Canada¹ | Air France Vancouver
76%
CDG Air France Cork
75%
CDG Air France | Vietnam Airlines Ho Chi Minh City
75%
CDG Luxair Luxembourg
75%
CDG Air France¹ | Air Malta Malta
75%
CDG Air France | Singapore Airlines Singapore
75%
CDG Air France | easyJet Toulouse
75%
CDG Air France | easyJet¹ | Vueling Bilbao
74%
CDG Air France | Jet2 Birmingham
74%
CDG Air France Buenos Aires-Ezeiza
74%
CDG Air France¹ | Croatia Airlines¹ | Vueling¹ Dubrovnik
74%
CDG China Southern Airlines Guangzhou
74%
CDG Air France¹ | easyJet¹ | Vueling¹ Ibiza
74%
CDG airBaltic Tallinn
74%
CDG Air France | Air Madagascar Antananarivo
73%
CDG Air France¹ | Air Serbia Belgrade
73%
CDG Air France Cancún
73%
CDG Air France | SAS Gothenburg
73%
CDG Vietnam Airlines Hanoi
73%
CDG Saudia Jeddah
73%
CDG Air France Lagos
73%
CDG Air France Santiago de Chile
73%
CDG Vueling Santiago de Compostela
73%
Santiago de Cuba
73%
CDG Iran Air Tehran-Imam Khomeini
73%
CDG Air France Alicante
71%
CDG Air France | Norwegian¹ Bergen
71%
CDG Air France | Kenya Airways Nairobi-Jomo Kenyatta
71%
CDG Air France Nantes
71%
CDG Air France¹ | Bulgaria Air Sofia
71%
CDG Air France¹ Bari
70%
CDG Air France | Delta Air Lines Detroit
70%
CDG SunExpress İzmir
70%
CDG American Airlines Philadelphia
70%
CDG Air France¹ | Croatia Airlines¹ | easyJet¹ Split
70%
CDG Air France Stuttgart
70%
CDG easyJet¹ Tenerife-South
70%
CDG SunExpress Antalya
69%
CDG Air France Basel/Mulhouse
69%
CDG Air France | Volotea Genoa
69%
CDG Air France Lima
69%
CDG easyJet Belfast
68%
CDG Air France Bologna
68%
CDG Air Arabia Maroc Fès
68%
CDG Belavia Minsk
68%
CDG Air France¹ | easyJet¹ Ajaccio
67%
CDG Air France Bogotá
67%
CDG Air France Kinshasa-N'dijili
67%
CDG Oman Air Muscat
67%
CDG Air Algérie | Air France Oran
67%
CDG EVA Air Taipei-Taoyuan
67%
CDG SriLankan Airlines Colombo-Bandaranaike
66%
CDG Air France | easyJet Faro
66%
CDG Air Arabia Maroc Tangier
66%
CDG Air France Yerevan
66%
CDG Air France Abuja
65%
CDG Air France Accra
65%
CDG Air Astana Almaty
65%
CDG easyJet Bristol
65%
CDG Air France Havana
65%
CDG easyJet Liverpool
65%
CDG Air France¹ | Georgian Airways Tbilisi
65%
CDG Aegean Airlines¹ | Air France¹ Thessaloniki
65%
CDG Air France Panama City-Tocumen
64%
CDG Aegean Airlines¹ | Air France¹ | easyJet¹ Heraklion
63%
CDG Air France San José de Costa Rica
63%
CDG United Airlines Newark
62%
CDG Aegean Airlines¹ | Air France¹ Rhodes
62%
CDG Air France¹ Cagliari
60%
CDG Air France | easyJet Catania
60%
CDG Air China Chengdu
60%
CDG Jet2 Leeds/Bradford
60%
CDG Air France Abidjan
59%
CDG Vueling Gran Canaria
59%
Verona
59%
Funchal
58%
CDG Air France Hanover
58%
CDG Air Transat Quebéc City
58%
CDG WestJet¹ Calgary
57%
CDG Aegean Airlines¹ | Air France¹ | easyJet¹ Corfu
57%
CDG Gulf Air Manama
57%
CDG Air France | easyJet Montpellier
57%
CDG Air France Newcastle upon Tyne
57%
Tirana
57%
CDG Air France¹ Pisa
56%
CDG Hainan Airlines Xi'an
56%
CDG Air France Brazzaville
55%
CDG Air France Ljubljana
55%
CDG Air France¹ | Delta Air Lines Minneapolis/Saint Paul
55%
CDG Air France Rennes
54%
Agadir
53%
CDG Air France Bangalore
53%
CDG Aegean Airlines¹ | Air France¹ | easyJet¹ Mykonos
53%
CDG Hainan Airlines Shenzhen
53%
Kos
52%
CDG Uzbekistan Airways Tashkent
52%
CDG Air Corsica Bastia
51%
CDG Air France Nuremberg
51%
Port-au-Prince
51%
CDG Aegean Airlines¹ | Air France¹ Santorini
51%
CDG Air France Luanda
49%
CDG EgyptAir¹ Luxor
49%
CDG Air Austral | Air France Saint-Denis de la Réunion
49%
CDG Air France Brest
48%
CDG Air France¹ | ASL Airlines France¹ | Tunisair Djerba
48%
CDG Air France Bamako
47%
CDG easyJet¹ | Vueling Menorca
47%
CDG Delta Air Lines Salt Lake City
47%
CDG Air France Yaoundé
47%
CDG FlyOne¹ Chișinău
46%
CDG Hainan Airlines Chongqing
46%
CDG Air France Conakry
46%
CDG easyJet¹ | Vueling Fuerteventura
46%
CDG Air France Punta Cana
46%
CDG Blue Air Cluj-Napoca
45%
Zadar
45%
CDG Air France | easyJet Biarritz
44%
CDG Air France Billund
44%
CDG Air France Bremen
44%
CDG Air France¹ Malé
44%
CDG Air France Niamey
44%
CDG easyJet¹ Pula
44%
CDG Air France Santo Domingo-Las Américas
44%
CDG Air France Caracas
43%
CDG Air France¹ | easyJet¹ Olbia
43%
CDG Air France Sint Maarten
43%
CDG Air France Wrocław
43%
Fort-de-France
42%
CDG Air France Ouagadougou
42%
CDG easyJet Lanzarote
41%
CDG Air France Lomé
40%
CDG Air France N'Djamena
40%
CDG SAS¹ Stavanger
40%
CDG Air Algérie Constantine
38%
CDG Air France Libreville
38%
CDG Nouvelair | Tunisair Monastir
38%
CDG Air France Monrovia
38%
Port Louis
38%
CDG Air France Bangui
37%
Cayenne
37%
CDG Air France Douala
37%
CDG Air France Freetown
37%
Chania
35%
CDG Air France | Air Tahiti Nui Papeete
35%
CDG WestJet¹ Halifax
34%
Pointe-à-Pitre
34%
CDG Delta Air Lines Cincinnati
33%
CDG easyJet¹ | Volotea¹ Figari
32%
CDG Air France Malabo
32%
Brindisi
31%
CDG Air France Nouakchott
31%
CDG Air France¹ Perpignan
31%
CDG Azores Airlines¹ Ponta Delgada
31%
CDG Delta Air Lines Raleigh/Durham
31%
CDG Air France Djibouti
30%
CDG Air France | ASL Airlines France Pau
29%
Sfax
29%
CDG Air France Cotonou
27%
CDG ASL Airlines France¹ | easyJet¹ Calvi
26%
CDG Air France Maputo
26%
CDG China Eastern Airlines Qingdao
26%
CDG Aegean Airlines¹ | easyJet¹ Kalamata
25%
CDG Air France¹ Mahé
25%
CDG ASL Airlines France¹ | TUI Belgium Oujda
24%
Tivat
24%
CDG easyJet¹ Toulon
24%
CDG Ural Airlines Yekaterinburg
24%
CDG Air Algérie Annaba
23%
CDG Air France Fortaleza
22%
CDG XiamenAir Fuzhou
22%
CDG Air France Clermont-Ferrand
21%
Nador
21%
Ancona
20%
CDG ASL Airlines France² Eilat
20%
Limoges
20%
Varadero
19%
Essaouira
18%
Boa Vista
15%
Kittilä
15%
CDG Air France Port Harcourt
15%
Lourdes
14%
Preveza
14%
CDG Air France Pointe-Noire
12%
Quimper
12%
ORY Batna
11%
CDG Air Algérie Biskra
11%
Setif
11%
CDG Air Algérie¹ Tlemcen
11%
CDG Air Algérie Béjaïa
10%
CDG Air Austral¹ Dzaoudzi
10%
Aurillac
9%
Ouarzazate
9%
Dakhla
8%
CDG Air Algérie¹ El Oued
8%
CDG Atlantic Airways¹ Vágar
8%
Brive
7%
Rodez
7%
CDG Air Algérie | ASL Airlines France¹ Chlef
5%
Castres
4%
Le Puy
4%
CDG Air France Lorient
4%
CDG Uzbekistan Airways Urgench
4%
CDG Hainan Airlines Guiyang
3%
CDG Tunisair Tozeur
1%
No matching quizzes found
Score Distribution
Percent of People with Each Score
Percentile by Number Answered
Your Score History
You have not taken this quiz